| 000 | 00360nam a22001457a 4500 | ||
|---|---|---|---|
| 005 | 20240603145657.0 | ||
| 008 | 240603b |||||||| |||| 00| 0 eng d | ||
| 041 | _aeng | ||
| 100 |
_aDIGLOT EDITION _98427 |
||
| 245 | _aTHE CONSTITUTION OF INDIA: WITH SHORT COMMENTS | ||
| 260 |
_aALLAHABAD _bALIA LAW AGENCY |
||
| 300 | _a310;P | ||
| 650 | _aLAW | ||
| 942 | _cBK | ||
| 999 |
_c8523 _d8521 |
||